000 00265nam a2200109Ia 4500
008 190216s9999||||xx |||||||||||||| ||und||
100 _aBalachandran M K
245 0 _aFundamentals Of Statistics
260 _bRatan Prakashan Mandir
650 _aCommerce
942 _cBK
999 _c4629
_d4629